Pokemon - Les Pokemon de la 7G - Statistiques

Statistiques générales
  • Ce quiz a été pris 135 fois
  • Le résultat moyen est 62 sur 88
Statistiques - réponses
Numéro Nom % Correct
#722 Brindibou
97%
#725 Flamiaou
94%
#723 Eflèche
91%
#724 Archéduc
90%
#726 Matoufeu
90%
#728 Otaquin
90%
#792 Lunala
89%
#729 Otarlette
87%
#791 Solgaleo
87%
#727 Félinferno
86%
#730 Oratoria
86%
#733 Bazoucan
84%
#731 Picassaut
84%
#737 Chrysapile
83%
#798 Katagami
83%
#797 Bamboiselle
81%
#789 Cosmog
81%
#794 Mouscoto
81%
#788 Tokopisco
81%
#787 Tokotoro
81%
#735 Argouste
80%
#790 Cosmovum
80%
#799 Engloutyran
80%
#734 Manglouton
80%
#738 Lucanon
79%
#778 Mimiqui
79%
#777 Togedemaru
79%
#786 Tokopiyon
79%
#800 Necrozma
77%
#785 Tokorico
77%
#736 Larvibule
76%
#749 Tiboudet
76%
#793 Zéroid
76%
#805 Ama-Ama
74%
#750 Bourrinos
74%
#754 Floramantis
74%
#745 Lougaroc
74%
#744 Rocabot
74%
#796 Câblifère
73%
#758 Malamandre
73%
#757 Tritox
73%
#753 Mimantis
71%
#732 Piclairon
71%
#739 Crabagarre
70%
#746 Froussardine
70%
#763 Sucreine
70%
#795 Cancrelove
69%
#741 Plumeline
69%
#748 Prédastérie
69%
#803 Vémini
69%
#747 Vorastérie
69%
#740 Crabominable
67%
#761 Croquine
67%
#806 Pierroteknik
67%
#762 Candine
66%
#760 Chelours
66%
#780 Draïeul
66%
#802 Marshadow
66%
#782 Bébécaille
64%
#784 Ékaïser
64%
#801 Magearna
64%
#765 Gouroutan
63%
#804 Mandrillon
63%
#768 Sarmuraï
63%
#751 Araqua
61%
#779 Denticrisse
61%
#759 Nounourson
61%
#767 Sovkipou
61%
#752 Tarenbulle
61%
#776 Boumata
60%
#783 Écaïd
60%
#808 Meltan
60%
#742 Bombydou
59%
#809 Melmetal
59%
#774 Météno
59%
#743 Rubombelle
59%
#766 Quartermac
57%
#770 Trépassable
57%
#781 Sinistrail
56%
#772 Type: 0
56%
#769 Bacabouh
54%
#773 Silvallié
54%
#764 Guérilande
50%
#755 Spododo
50%
#771 Concombaffe
47%
#756 Lampignon
47%
#775 Dodoala
41%
#807 Zeaora
20%
Aucun quiz correspondant
Distribution des résultats
% des personnes avec chaque résultat
Percentile par nombre de réponses
Votre historique - résultats
Vous n’avez pas pris ce quiz